[Event "Titled Tuesday intern op 14th May Early"]
[Site "Chess.com INT"]
[Date "2024.05.14"]
[Round "2"]
[White "Jones, Gawain C B"]
[Black "Ambartsumova, Karina"]
[Result "1-0"]
[WhiteElo "2620"]
[BlackElo "2406"]
[PlyCount "39"]
[EventDate "2024.05.14"]
[EventType "swiss (blitz)"]
[EventRounds "11"]
[EventCountry "USA"]
[SourceTitle "EXT 2025"]
[Source "ChessBase"]
[SourceDate "2024.10.14"]
[SourceVersion "1"]
[SourceVersionDate "2024.10.14"]
[SourceQuality "1"]

1. Nf3 Nf6 2. g3 e6 3. Bg2 d5 4. 0-0 Be7 5. b3 0-0 6. Bb2 b6 7. c4 Bb7 8. d4 dxc4 9. bxc4 c5 10. d5 exd5 11. Nh4 Na6 12. Nc3 Nc7 13. Nf5 Rb8 14. cxd5 Bd6 15. Qd2 Nce8 16. e4 Bc8 17. Nxd6 Nxd6 18. e5 Nc4 19. Qe2 Nxb2 20. exf6 1-0

[Event "Titled Tuesday intern op 14th May Early"]
[Site "Chess.com INT"]
[Date "2024.05.14"]
[Round "8"]
[White "Jones, Gawain C B"]
[Black "Belyakov, Bogdan"]
[Result "1-0"]
[WhiteElo "2620"]
[BlackElo "2386"]
[PlyCount "63"]
[EventDate "2024.05.14"]
[EventType "swiss (blitz)"]
[EventRounds "11"]
[EventCountry "USA"]
[SourceTitle "EXT 2025"]
[Source "ChessBase"]
[SourceDate "2024.10.14"]
[SourceVersion "1"]
[SourceVersionDate "2024.10.14"]
[SourceQuality "1"]

1. e4 e5 2. Nf3 Nc6 3. c3 d5 4. Qa4 f6 5. d3 Be6 6. Nbd2 Bd6 7. d4 dxe4 8. Nxe4 exd4 9. Ba6 Bd5 10. Bxb7 Bxe4 11. Bxc6+ Bxc6 12. Qxc6+ Kf7 13. Qd5+ Kf8 14. Nxd4 Qe8+ 15. Ne6+ Kf7 16. Be3 Qxe6 17. Qxa8 a6 18. 0-0 Qe5 19. g3 h5 20. Bf4 Qf5 21. Bxd6 cxd6 22. Rfe1 Kg6 23. Re8 Kh7 24. Qxa6 h4 25. Qxd6 Qf3 26. Rd1 f5 27. Qd3 Qh5 28. Qe2 Qg6 29. Rd4 Nh6 30. Rxh8+ Kxh8 31. Rxh4 Qe6 32. Qxe6 1-0

[Event "Titled Tuesday intern op 14th May Early"]
[Site "Chess.com INT"]
[Date "2024.05.14"]
[Round "4"]
[White "Jones, Gawain C B"]
[Black "Goltseva, Ekaterina"]
[Result "0-1"]
[WhiteElo "2620"]
[BlackElo "2305"]
[PlyCount "136"]
[EventDate "2024.05.14"]
[EventType "swiss (blitz)"]
[EventRounds "11"]
[EventCountry "USA"]
[SourceTitle "EXT 2025"]
[Source "ChessBase"]
[SourceDate "2024.10.14"]
[SourceVersion "1"]
[SourceVersionDate "2024.10.14"]
[SourceQuality "1"]

1. Nf3 Nf6 2. b3 d5 3. Bb2 c5 4. e3 e6 5. g3 Be7 6. Bg2 0-0 7. 0-0 Nc6 8. c4 d4 9. exd4 cxd4 10. Re1 Ne8 11. Ne5 Nxe5 12. Rxe5 f6 13. Re1 e5 14. d3 Rb8 15. Ba3 a5 16. Qd2 Nd6 17. f4 Nf5 18. fxe5 fxe5 19. Rxe5 Bxa3 20. Nxa3 Ne3 21. Re1 Qd6 22. Rxa5 b6 23. Nb5 Qf6 24. Ra7 Bg4 25. Nc7 Bf3 26. Nd5 Bxd5 27. Bxd5+ Kh8 28. Bg2 Rbe8 29. h3 Qg5 30. g4 h5 31. Rd7 hxg4 32. h4 Qxh4 33. Rxd4 Nxg2 34. Rxe8 Rxe8 35. Re4 Rxe4 36. dxe4 Qe1+ 37. Qxe1 Nxe1 38. Kf2 Nd3+ 39. Kg3 Ne5 40. a4 Kg8 41. c5 bxc5 42. a5 Nc6 43. a6 Kf7 44. Kxg4 Ke6 45. Kf4 g6 46. Kf3 Ke5 47. Ke3 g5 48. Kd3 g4 49. Kc4 g3 50. Kxc5 Na7 51. Kb6 g2 52. Kxa7 g1Q+ 53. Kb7 Qg7+ 54. Kb6 Qf6+ 55. Kb7 Qe7+ 56. Kb6 Qe6+ 57. Kb7 Qxb3+ 58. Kc7 Qc4+ 59. Kb6 Qb4+ 60. Kc6 Qc4+ 61. Kb6 Kd6 62. e5+ Kd7 63. a7 Qc7+ 64. Ka6 Qc6+ 65. Ka5 Qa8 66. Kb6 Ke6 67. Ka6 Kxe5 68. Kb6 Kd6 0-1